LIBRARY & INFORMATION CENTRE, KCAET, TAVANUR

ONLINE PUBLIC ACCESS CATALOGUE (OPAC)

Prestressed Concrete (Record no. 14366)

MARC details
000 -LEADER
fixed length control field 00352nam a22001457a 4500
020 ## - INTERNATIONAL STANDARD BOOK NUMBER
ISBN 8187433922
082 ## - DEWEY DECIMAL CLASSIFICATION NUMBER
Classification number 624.183412
Item number RAM/PR
100 ## - MAIN ENTRY--AUTHOR NAME
Personal name Ramamrutham,S
100 ## - MAIN ENTRY--AUTHOR NAME
Personal name Narayan,R
245 ## - TITLE STATEMENT
Title Prestressed Concrete
250 ## - EDITION STATEMENT
Edition statement 5th
260 ## - PUBLICATION, DISTRIBUTION, ETC. (IMPRINT)
Place of publication New Delhi
Name of publisher Dhanpat arai Publishing Company (P) Ltd
Year of publication 2009
300 ## - PHYSICAL DESCRIPTION
Number of Pages 266
942 ## - ADDED ENTRY ELEMENTS (KOHA)
Koha item type Books

No items available.

free website counter